Estadísticas para Resultados de la Copa Mundial de Fútbol de 1958

Haz click aquí para tomar la prueba!

Estadísticas generales

  • Esta prueba ha sido tomada 18 veces
  • La puntuación promedio es 13 de 16

Estadísticas de respuestas

Nation % Correcto
Argentina
100%
Brasil
100%
Inglaterra
100%
Unión Soviética
100%
Francia
93%
Suecia
93%
Alemania Occidental
86%
Yugoslavia
86%
Checoslovaquia
79%
Hungría
79%
México
79%
Austria
64%
Escocia
57%
Gales
57%
Irlanda del Norte
57%
Paraguay
57%

Distribución de puntuación

Porcentaje por número respondido

Porcentaje de gente con cada puntuación

Historial de tus puntuaciones

No has tomado esta prueba